00227 a2200109 4500001000700000020000600007040001100013100002500024240003200049245002700081362000900108173604 a  cMagnum aAlmeida, Gercilga de10aKhepra os olhos do ceulpor10aKhepra os olhos do ceu0 a1899